Excel 2010 : (Record no. 66055)

MARC details
000 -LEADER
fixed length control field 00822nam a22002417a 4500
005 - DATE AND TIME OF LATEST TRANSACTION
control field 2012050309349.0
008 - FIXED-LENGTH DATA ELEMENTS--GENERAL INFORMATION
fixed length control field 120503t xxu||||| |||| 00| 0 eng d
010 ## - LCCN (DPL NO)
LC control number ENG-105191
020 ## - INTERNATIONAL STANDARD BOOK NUMBER
International Standard Book Number 9781259005435
Terms of availability 195.00
020 ## - INTERNATIONAL STANDARD BOOK NUMBER
International Standard Book Number 1259005437
Terms of availability 195.00
035 ## - SYSTEM CONTROL NUMBER
System control number EN-88724
037 ## - SOURCE OF ACQUISITION
Source of stock number/acquisition DBAD/PUB
040 ## - CATALOGING SOURCE
Original cataloging agency DPL
Language of cataloging Eng
082 ## - DEWEY DECIMAL CLASSIFICATION NUMBER
Classification number 005.54
100 ## - MAIN ENTRY--PERSONAL NAME
Personal name Price, Michael
9 (RLIN) 16472
245 ## - TITLE STATEMENT
Title Excel 2010 :
Statement of responsibility, etc by Michael Price
Remainder of title in easy steps /
260 ## - PUBLICATION, DISTRIBUTION, ETC. (IMPRINT)
Place of publication, distribution, etc New Delhi
Name of publisher, distributor, etc Tata McGraw Hill
Date of publication, distribution, etc 2012
270 ## - ADDRESS
Address 7, West Patel Nagar
City New Delhi
Postal code 110008
300 ## - PHYSICAL DESCRIPTION
Extent 192p. :
Dimensions 24cm(pbk)
Other physical details ill.
500 ## - GENERAL NOTE
General note Includes index
942 ## - ADDED ENTRY ELEMENTS (KOHA)
Source of classification or shelving scheme Dewey Decimal Classification
Item type English Books
Call number suffix PRI
Classification part 005.54
Holdings
Withdrawn status Lost status Source of classification or shelving scheme Damaged status Not for loan Collection code Home library Current library Date acquired Source of acquisition Cost, normal purchase price Total Checkouts Full call number Barcode Date last seen Copy number Cost, replacement price Koha item type
    Dewey Decimal Classification   Not For Loan Non-fiction D.B.Act.Division D.B.Act.Division 03/05/2012 DBAD/PUB 195.00   005.54 PRI EN-88724 03/05/2012 1 195.00 English Books

© Delhi Public Library
Hit Counter
free hit counter